Libro de buen amor (Record no. 135697)

MARC details
000 -LEADER
campo de control de longitud fija 00610nam a2200169 4500
001 - NÚMERO DE CONTROL
campo de control 135697
003 - IDENTIFICADOR DE NÚMERO DE CONTROL
campo de control ES-MaACL
005 - FECHA Y HORA DE LA ÚLTIMA TRANSACCIÓN
campo de control 20230906194932.0
007 - CAMPO FIJO DE DESCRIPCIÓN FÍSICA--INFORMACIÓN GENERAL
campo de control de longitud fija t|
008 - DATOS DE LONGITUD FIJA--INFORMACIÓN GENERAL
campo de control de longitud fija 070214s1901 fr r ||||1| fre d
100 1# - ENTRADA PRINCIPAL--NOMBRE DE PERSONA
Nombre de persona Ruiz, Juan
Títulos y otros términos asociados al nombre Arcipreste de Hita.
9 (RLIN) 100615
245 10 - MENCIÓN DEL TÍTULO
Título Libro de buen amor
Resto del título : texte du XIVe. siècle /
Mención de responsabilidad, etc. Juan Ruiz, arcipreste de Hita ; publié pour la première fois avec les leçons des trois manuscrits connus par Jean Ducamin.
260 ## - PUBLICACIÓN, DISTRIBUCIÓN, ETC.
Lugar de publicación, distribución, etc. Toulouse :
Nombre del editor, distribuidor, etc. Edouard Privat,
Fecha de publicación, distribución, etc. 1901.
300 ## - DESCRIPCIÓN FÍSICA
Extensión LV, 342 p. ;
Dimensiones 20 x 14 cm.
700 1# - ENTRADA AGREGADA--NOMBRE PERSONAL
Nombre de persona Ducamin, Jean.
9 (RLIN) 45800
852 ## - LOCALIZACIÓN
Ubicación ES-MaACL
Número de control de estantería B-2594
Holdings
Estatus retirado Estado de pérdida Estado de daño No para préstamo Biblioteca de origen Biblioteca actual Ubicación en estantería Fecha de adquisición Fuente de adquisición Total de préstamos Signatura topográfica completa Código de barras Visto por última vez Precio de reemplazo Tipo de ítem Koha
        Biblioteca del Ateneo de Madrid Biblioteca del Ateneo de Madrid Sala Pardo Bazán 17/01/2008     B-2594 1141227 23/02/2023 23/02/2023 Libro impreso antiguo